000 00880nam a2200229 a 4500
999 _c12650
_d12650
001 12650
003 BD-JhCC
005 20221027081717.0
008 221027s2021 bg |||| |||| 000 0 ban d
020 _a9789848018859
035 _a(BD-JhCC)12650
040 _aBD-JhCC
_dBD-JhCC
041 _aBangla
082 _a895.636
_bKAW 2021
100 _aকাওয়াগুচি, তোশিকাযু
245 _aবিফোর দ্য কফি গেটস্ কোল্ড /
_cতোশিকাযু কাওয়াগুচি; সালমান হক (অনু.)
260 _aঢাকা :
_bআফসার ব্রাদার্স,
_c২০২১
300 _a১৯২ পৃ. :
_bচিত্রাবলী সংযোজিত,
_c২৪ সেমি.
650 _aShort stories, Japanese
650 _aJapanese fiction
942 _2ddc
_cBK